000 00850cam a2200241 a 4500
001 3522949
005 20250604090757.0
008 960119s1996 mou b 001 0 eng
020 _a0882433202
050 0 0 _aBV4011.5
_b.P54 1996
082 0 0 _a241/.641
_220
100 1 _aPierce, T. Burton,
_d1926-
245 1 0 _aMinisterial ethics :
_ba guide for Spirit-filled leaders /
_cT. Burton Pierce ; general editor, Stanley M. Horton.
260 _aSpringfield, Mo. :
_bLogion Press,
_cc1996.
300 _a288 p. ;
_c23 cm.
650 0 _aClergy
_xProfessional ethics.
650 0 _aPentecostal churches
_xClergy
_xProfessional ethics.
650 0 _aPastoral theology
_xPentecostal churches.
650 0 _aChristian ethics
_xAssemblies of God authors.
650 0 _aPentecostal churches
_xDoctrines.
700 1 _aHorton, Stanley M.
942 _2lcc
_cBK
_n0
999 _c6242
_d6242